Catálogo
 En Linea
Vista normal Vista MARC

Entrada Nombre personal

Número de registros utilizados en: 1

001 - NÚMERO DE CONTROL

  • campo de control: 16223

003 - IDENTIFICADOR DEL NÚMERO DE CONTROL

  • campo de control: OSt

005 - FECHA Y HORA DE LA ÚLTIMA TRANSACCIÓN

  • campo de control: 20200615032534.0

008 - DATOS DE LONGITUD FIJA

  • campo de control de longitud fija: 200615|| aca||aabn | a|a d

040 ## - FUENTE DE LA CATALOGACIÓN

  • Centro catalogador/agencia de origen: OSt
  • Centro/agencia transcriptor: OSt

100 ## - ENCABEZAMIENTO-NOMBRE DE PERSONA

  • Nombre de persona: Batista, Fulgencio,
  • Títulos y otros términos asociados al nombre: Presidente de Cuba, (1952-1959),
  • Forma completa/desarrollada del nombre: (Fulgencio Batista y Zaldivar),
  • Fechas asociadas al nombre: 1901-1973

670 ## - FUENTE DE DATOS ENCONTRADOS

  • Cita de la fuente: Work cat.: (OSt)5530: Batista, Fulgencio, Presidente de Cuba, (1952-1959), (Fulgencio Batista y Zaldivar), 1901-1973., Dos fechas :, 1973.

Con tecnología Koha